000 nam a22 a 4500
999 _c416923
_d416923
003 BLK
005 20210531130044.0
008 180409b bul|||||r ||||||| ||bul||
010 _aKNG00132300000
040 _aBLK
041 _aBUL
_cBUL
080 _aПчеларство. Медоносна пчела (Вж и 595.799)
_b638.1
_z638.1(035)
100 1 _aБертран, Едуард
_eпърви автор
_9320206
139 _aБертран, Едуард
_bБ 40
245 1 0 _aРъководство за отглеждане на пчели
_bПчеловъдски календар : [Ч. 1] - 2
_cЕдуард Бертран; прев. Г. Гергов.
_n[Ч. 1].
_pОтглеждане на пчели
257 _aFRA
260 _aСофия
_bб. и.
_c1898
_fСофия : Либер. клуб
_9441842
300 _c23 см
380 _a63
490 _9435080
_aКолекция Редки и ценни издания
650 4 _aПчели - отглеждане - наръчници и ръководства
_9255773
650 4 _aПчеларство - наръчници и ръководства
_9242770
653 7 _aпчели
_9194959
653 _aотглеждане
653 _aнаръчници
700 1 _aГергов, Г.
_eпрев.
_9320207
760 1 _aБертран, Едуард
_d1898
_h135 с.
_o[Ч. 1].
_tОтглеждане на пчели
852 _aРб 898
_bРц
942 _cKNG
_n0
_s1
944 _aCR
_c2021-05-31
_l2021-05-31
_kКети